000 00880nam a2200277Ia 4500
001 Para_8026
003 CHAP
008 220125s9999 xx 000 0 und d
010 _a206955
040 _cCHAP
082 _aPA-C 595.75 H4
100 _aVan Duzee, Edward P.
_9171035
245 _aA revision of the North American species of Phlepsius /
_c by Edward P. Van Duzee
300 _a63-83 p.
440 _aHemiptera; 12
_9172048
500 _aSobretiro de: North American homoptera 19: 63-83, 1892. Encuadernado con otros impresos similares
650 _a
_x Hemípteros
_x colecciones de escritos
_x Cicadelidos
_9172058
710 _aNorth American homoptera 19
_9173368
901 _aPA-C 595.75 H4
902 _aA
905 _a000000 0000000000 00
910 _a
942 _cPARA
942 _cPARA
_d1
999 _c206955
_d206955